The biggest cities in 15th century Mesoamerica - Statistics

General Stats
  • This quiz has been taken 28 times
  • The average score is 4 of 14
Answer Stats
Population Answer % Correct
215K Mexico Tenochtitlan
100%
40K Tetzcohco
71%
30K Tlacopan
62%
35K Tlaxcallan
38%
35K Tollan Cholollan
29%
30K Colliman
19%
60K Tzintzuntzan
19%
30K Patzcuaro
10%
23K Atotonilco
5%
23K Hueyi Pochtlan
5%
23K Teotitlan
5%
30K Tonallan
5%
30K Xalisco
5%
30K Ilhuatzio
0%
No matching quizzes found
Score Distribution
Percent of People with Each Score
Percentile by Number Answered
Your Score History
You have not taken this quiz